000 00750cam a2200289 4500
008 090401t1986 xxu||||| |||| 00| 0 eng d
020 _a0421334606
035 _a(Sirsi) u55050
041 _aeng
050 _a346.410435
100 _aGale, Charles James
245 _aGale on easements
250 _a15th ed.
260 _aLondon
_bSweet and Maxwell
_c1986
300 _ali,491p. ; 25cm.
350 _a52
490 _aSweet and Maxwell Property and Conveyancing Library
520 _aThis edition by Spencer,Maurice G.
650 _aAIR
650 _aBoundary disputes
_96221
650 _aParty walls
_96258
650 _aRIGHTS OF WAY
650 _aRIGHTS TO LIGHT
650 _aWATER
942 _n0
948 _c04/03/1997
999 _c93548
_d93548